00665nam a2200229Ia 4500003000900000008004100009040001300050040001300063041000800076100001900084245002900103250000900132260001200141260000900153300001100162300001000173490002100183490000900204942000700213999001700220952019800237IT-RoPAU120407s9999 xx 000 0 und d aIT-RoPAU cIT-RoPAU aita aRaoul Manselli aS. Francesco d’Assisi. aRoma aBulzoni c1980 a362 p. c21 cm aBibl. di cultura v1182 cBK c33395d33395 00102ddc406922_31000000000000071aPAULUSbPAULUSd2012-04-11l0o922.31r2012-04-11 00:00:00w2012-04-11yBKzInserito da: Jole In data: 12 settembre 2011 fondo: Via A.Severo 56 Progr:31434